<?xml version="1.0" encoding="UTF-8"?>
<record
    xmlns:xsi="http://www.w3.org/2001/XMLSchema-instance"
    xsi:schemaLocation="http://www.loc.gov/MARC21/slim http://www.loc.gov/standards/marcxml/schema/MARC21slim.xsd"
    xmlns="http://www.loc.gov/MARC21/slim">

  <leader>01851cam a22002535a 4500</leader>
  <controlfield tag="001">14336888</controlfield>
  <controlfield tag="005">20201128024317.0</controlfield>
  <controlfield tag="008">060411t2007    njua   frb    001 0 eng d</controlfield>
  <datafield tag="020" ind1=" " ind2=" ">
    <subfield code="a">9780131531130</subfield>
  </datafield>
  <datafield tag="020" ind1=" " ind2=" ">
    <subfield code="a">0131531131</subfield>
  </datafield>
  <datafield tag="040" ind1=" " ind2=" ">
    <subfield code="a">DLC</subfield>
    <subfield code="c">DLC</subfield>
    <subfield code="d">BAKER</subfield>
    <subfield code="d">C#P</subfield>
    <subfield code="d">YDXCP</subfield>
    <subfield code="d">OCLCQ</subfield>
    <subfield code="d">DLC</subfield>
    <subfield code="d">EG-ScBUE</subfield>
    <subfield code="b">eng</subfield>
  </datafield>
  <datafield tag="082" ind1="0" ind2="4">
    <subfield code="2">22</subfield>
    <subfield code="a">332.632042</subfield>
    <subfield code="b">KIR</subfield>
  </datafield>
  <datafield tag="100" ind1="1" ind2=" ">
    <subfield code="a">Kirkpatrick, Charles D.,</subfield>
    <subfield code="c">II.</subfield>
  </datafield>
  <datafield tag="245" ind1="1" ind2="0">
    <subfield code="a">Technical analysis :</subfield>
    <subfield code="b">the complete resource for financial market technicians /</subfield>
    <subfield code="c">Charles D. Kirkpatrick II, Julie R. Dahlquist.</subfield>
  </datafield>
  <datafield tag="260" ind1=" " ind2=" ">
    <subfield code="a">Upper Saddle River :</subfield>
    <subfield code="b">FT Press Financial Times,</subfield>
    <subfield code="c">c.2007.</subfield>
  </datafield>
  <datafield tag="300" ind1=" " ind2=" ">
    <subfield code="a">xxviii, 672 p. :</subfield>
    <subfield code="b">ill. ;</subfield>
    <subfield code="c">25 cm.</subfield>
  </datafield>
  <datafield tag="504" ind1=" " ind2=" ">
    <subfield code="a">Includes bibliographical references and index.</subfield>
  </datafield>
  <datafield tag="505" ind1="0" ind2=" ">
    <subfield code="a">Introduction -- Introduction to technical analysis -- The basic principle of technical analysis--the trend -- History of technical analysis -- The technical analysis controversy -- Markets and market indicators -- An overview of markets -- Dow theory -- Sentiment -- Measuring market strength -- Temporal patterns and cycles -- Flow of funds -- Trend analysis -- History and construction of charts -- Trends--the basics -- Breakouts, stops, and retracements -- Moving averages -- Chart pattern analysis -- Bar chart patterns -- Point-and-figure chart patterns -- Short-term patterns -- Trend confirmation -- Confirmation -- Other technical methods and rules -- Cycles -- Elliott, Fibonacci, and Gann -- Selection -- Selection of markets and issues: trading and investing -- System testing and management -- System design and testing -- Money and risk management -- Appendices -- Basic statistics -- Types of orders and other trader terminology.</subfield>
  </datafield>
  <datafield tag="541" ind1=" " ind2=" ">
    <subfield code="a">Donation from MR Farid Khamis.</subfield>
  </datafield>
  <datafield tag="650" ind1=" " ind2="7">
    <subfield code="a"> Investment analysis.</subfield>
    <subfield code="2">BUEsh</subfield>
    <subfield code="9">1288</subfield>
  </datafield>
  <datafield tag="653" ind1=" " ind2=" ">
    <subfield code="b">GGEN</subfield>
    <subfield code="c">April2018</subfield>
  </datafield>
  <datafield tag="700" ind1="1" ind2=" ">
    <subfield code="a">Dahlquist, Julie R.,</subfield>
    <subfield code="d">1962-</subfield>
  </datafield>
  <datafield tag="942" ind1=" " ind2=" ">
    <subfield code="2">ddc</subfield>
  </datafield>
  <datafield tag="999" ind1=" " ind2=" ">
    <subfield code="c">26450</subfield>
    <subfield code="d">26422</subfield>
  </datafield>
  <datafield tag="952" ind1=" " ind2=" ">
    <subfield code="0">0</subfield>
    <subfield code="1">0</subfield>
    <subfield code="2">ddc</subfield>
    <subfield code="4">0</subfield>
    <subfield code="7">0</subfield>
    <subfield code="a">MAIN</subfield>
    <subfield code="b">MAIN</subfield>
    <subfield code="c">1ST</subfield>
    <subfield code="d">2018-04-02</subfield>
    <subfield code="e">Donation</subfield>
    <subfield code="l">1</subfield>
    <subfield code="m">9</subfield>
    <subfield code="o">332.632042 KIR</subfield>
    <subfield code="p">000047539</subfield>
    <subfield code="r">2025-07-15 00:00:00</subfield>
    <subfield code="s">2023-10-01</subfield>
    <subfield code="y">BB</subfield>
  </datafield>
</record>
